000 00846nam a2200277 a 4500
001 59102
003 BD-RjUL
005 20211209080708.0
008 161221s1986 ii ||||| |||| 00| 0 eng d
020 _a0860036405
020 _a0860035352
035 _a(BD-RjUL)
040 _aBD-RjUL
_beng
_cBD-RjUL
_dBD-RjUL
041 _aeng
082 _223
_a657
_bCOM 1986
245 1 0 _aComparative international accounting /
_cEdited by Christopher Nobes, R H Parker
260 _aNew Delhi :
_bHeritage Publishers,
_c1986
300 _axvi, 383 p. ;
_c20 cm
500 _aIncludes Index
650 _aComparative accounting
_9175757
650 _aFinanciƫle verslaglegging
_9175758
650 _aFinancial accounting
_xComparative studies
_9175759
700 _aNobes, Christopher
_9175760
700 _aParker, R. H.
_9175761
942 _2ddc
_cBK
999 _c59102
_d59102